A história do Marquês de Pombal (Record no. 45953)

MARC details
000 -Etiqueta do registo
Valores 00645cam a22002171 4500
100 ## - Dados gerais de processamento
Dados gerais 19931213d1943 m y0pory5003 ba
101 0# - Língua de publicação
Língua por
102 ## - País de publicação
País PT
200 1# - Titulo e menção de responsabilidade
Título próprio A história do Marquês de Pombal
Primeira menção de responsabilidade Virgínia de Castro e Almeida
210 #9 - Publicação
Local de publicação Lisboa
Nome do editor Edições S.P.N.,
Data de publicação 1943
215 ## - Descrição física 
Paginação / Volumes 14, [1] p.
Dimensões 24 cm
225 2# - Colecção 
Título próprio da colecção Pátria
Indicação de volume 39
675 ## - CDU
Notação 821.134.3-34
700 #1 - Autor principal
Apelido Almeida,
Nome Virgínia de Castro e,
Datas 1874-1945
801 #0 - Fonte de origem
País PT
Agência BN
Regras de catalogação RPC
856 40 - Localização e acesso electrónico 
URL <a href="https://purl.pt/40014">https://purl.pt/40014</a>
856 41 - Localização e acesso electrónico 
URL <a href="https://purl.pt/40014/service/media/cover/low">https://purl.pt/40014/service/media/cover/low</a>
856 49 - Localização e acesso electrónico 
URL <a href="https://purl.pt/40014/service/media/pdf">https://purl.pt/40014/service/media/pdf</a>
990 ## - Elementos KOHA
Tipo de documento Livro
Holdings
Aquisição Empréstimo Código de barras Cota Permissão de empréstimo Tipo de documento
Biblioteca Municipal de Redondo Biblioteca Municipal de Redondo 057133 821.134.3-3 ALM   Livro
Biblioteca Municipal de Redondo Biblioteca Municipal de Redondo 057134 821.134.3-3 ALM   Livro

Powered by Koha